president.e.s et secretaires generaux - Statistiques

Statistiques générales
  • Ce quiz a été pris 4 fois
    3 depuis la dernière actualisation
  • Le résultat moyen est 4 sur 8
Statistiques - réponses
institution président.e/secretaire % Correct
ONU gueterres
100%
commission européenne von der leyen
100%
parlement européen metsola
67%
OTAN rutte
67%
conseil européen costa
33%
banque centrale européenne lagarde
33%
FMI georgieva
0%
OMS ghebreyesus
0%
Aucun quiz correspondant
Distribution des résultats
% des personnes avec chaque résultat
Percentile par nombre de réponses
Votre historique - résultats
Vous n’avez pas pris ce quiz depuis la dernière actualisation